| 000 | 00484nam a22001697u 4500 | ||
|---|---|---|---|
| 008 | 130405s1963 xxu||||| |||| 00| 0 spa d | ||
| 041 | _aspa | ||
| 100 | 1 |
_aHuby, Joseph _911693 |
|
| 245 | 0 | 0 |
_aEvangelio segĂșn San Marcos _cJoseph Huby, Antonio Gil Velasco |
| 260 |
_aMadrid: _bPaulinas, _c1963 |
||
| 300 |
_aXVIII,414 p. _c;18 cm. |
||
| 490 | 0 | _aVerbum Salutis | |
| 630 | 0 | 4 |
_aBiblia _pN.T. _pApocalipsis _914182 |
| 700 | 1 |
_aGil Velasco, Antonio _942792 |
|
| 942 | _cBK | ||
| 001 | 672 | ||
| 999 |
_c283587 _d283587 |
||